000 00404nam a2200157Ia 4500
008 210716s2012 xx 000 0 und d
020 _a8178083760
041 _aeng
082 _a005.133 SUMS
100 _aSummit, Steve.
245 _aC programming faqs: frequently asked qoestions.
250 _a1
260 _aNew Delhi
_bPearson Education
_c2012
300 _axli,389
650 _aC Programming
999 _c193659
_d193659